| 000 | 01487cam a22003371a 4500 | ||
|---|---|---|---|
| 001 | agr41000252 | ||
| 003 | DLC | ||
| 005 | 20260227110959.0 | ||
| 008 | 770811s1941 dcua bs f000 0 eng c | ||
| 010 | _aagr41000252 | ||
| 035 | _a(OCoLC)3181036 | ||
| 040 |
_aU. S. Dept. of agr. Library _cOC _dDNAL _dDLC |
||
| 042 | _apremarc | ||
| 050 | 0 | 0 |
_aS587 _b.B4 |
| 070 | 0 |
_a1 _bAg84M no.369 |
|
| 072 | 0 | _aF600 | |
| 082 | _a630.6173 | ||
| 100 | 1 |
_aBeeson, Kenneth Crees, _d1903- |
|
| 245 | 1 | 4 |
_aThe mineral composition of crops with particular reference to the soils in which they were grown : _ba review and compilation / _cby Kenneth C. Beeson. |
| 260 |
_aWashington, D.C. : _bU.S. Dept. of Agriculture, _c1941. |
||
| 300 |
_a164 p. : _bill. ; _c23 cm. |
||
| 490 | 1 |
_aMiscellaneous publication / United States Department of Agriculture ; _vno. 369 |
|
| 500 | _aCover title. | ||
| 500 | _aContribution from Bureau of Plant Industry. | ||
| 500 | _a"The work represented by this publication was supported by the Bankhead-Jones research fund. It was initiated in the Bureau of chemistry and soils (now the Bureau of agricultural chemistry and engineering) and was later transferred to the Bureau of plant industry."--P. 1. | ||
| 504 | _aBibliography: p. 59-90. | ||
| 504 | _a"Sources of unpublished material": p. 91. | ||
| 650 | 0 |
_aPlants _xAnalysis. |
|
| 650 | 0 |
_aPlants _xComposition. |
|
| 830 | 0 |
_aMiscellaneous publication (United States. Department of Agriculture) ; _vno. 369. |
|
| 999 |
_c10101 _d10101 |
||